| 000 | 00625nam a2200253Ia 4500 | ||
|---|---|---|---|
| 005 | 20250425162104.0 | ||
| 008 | 250425s9999 xx 000 0 und d | ||
| 020 | _a8448133447 | ||
| 041 | _aspa | ||
| 082 | _a660.2 | ||
| 100 | _aPERRY, WILLIAM E. | ||
| 245 | 0 | _aMANUAL DEL INGENIERO QUIMICO | |
| 250 | _a7A ED. | ||
| 260 |
_aEspaƱa _bMCGRAW - HILL _c2001 |
||
| 260 | _aMADRID | ||
| 650 | _aFLUIDOS | ||
| 650 | _aINGENIERIA QUIMICA | ||
| 650 | _aINGENIERIA QUIMICA-MANUAL | ||
| 650 | _aTECNOLOGIA QUIMICA | ||
| 650 | _aTERMODINAMICA | ||
| 650 | _aTRANSFERENCIA DE CALOR | ||
| 942 | _c01 | ||
| 010 | _a48985 | ||
| 999 |
_c222089 _d222089 |
||